|
|
|
|
| LEADER |
00625cam a2200205ua 4500 |
| 008 |
060815t1997||||||||||| 00 ||eng c |
| 041 |
0 |
|
|a eng
|
| 082 |
|
|
|a 616.650 758
|b BOS/B R
|
| 100 |
0 |
|
|a Bostwick,, David G
|
| 245 |
1 |
0 |
|a Biopsy pathology of the prostate /
|
| 250 |
|
|
|a 1st ed.
|
| 260 |
|
|
|a London:
|b Chapman and Hall Medical,
|c 1997.
|
| 300 |
|
|
|a xii, 267p..
|
| 362 |
1 |
|
|a 1997.
|
| 365 |
|
|
|a 99 Pd.
|e hb
|
| 650 |
|
|
|a Pathology
|
| 650 |
0 |
|
|a Medicine
|
| 942 |
|
|
|c REF
|
| 999 |
|
|
|c 7056
|d 7056
|
| 952 |
|
|
|0 0
|1 0
|4 0
|6 616_650000000000000_758_BOSB
|7 0
|9 7395
|a KUCL
|b KUCL
|d 2014-05-23
|l 0
|o 616.650 758 BOS/B
|p 00303
|r 2017-03-09
|w 2014-05-23
|y REF
|